| 000 | 00481nab a2200145Ia 4500 | ||
|---|---|---|---|
| 003 | ES-SlBCS | ||
| 005 | 20210601125306.0 | ||
| 008 | 140529s2000 xxu||||| |||| 00| 0 eng d | ||
| 041 | _aeng | ||
| 100 | 1 |
_aSidelle, Alan _9156387 |
|
| 245 | 0 | 0 |
_aFinding an Intrinsic Account of Identity: What Is the Source of Duplication Cases? _c Alan Sidelle |
| 650 | 0 | 4 |
_aIdentidad _991720 |
| 773 | 0 |
_tPhilosophy and Phenomenological Research _gvol. 61, 2000, págs. 415-430 _wRev1411 |
|
| 942 | _cAR | ||
| 999 |
_c527937 _d527937 |
||